Geography of Alaska - Statistics

General Stats
  • This quiz has been taken 875 times
  • The average score is 13 of 20
Answer Stats
Question Answer % Correct
What is the most populous city in Alaska? Anchorage
95%
What is the state capital of Alaska? Juneau
95%
What is the name of the strait between Alaska and Russia? {Bering} Strait
94%
What is the tallest mountain in North America? Denali
93%
With which Canadian territory does the longest river in Alaska share its name? Yukon
88%
What was the former official name of the above? Mount {McKinley}
86%
What group of similar culturally indigenous peoples inhabit the Arctic regions of Alaska? Inuit
85%
What Canadian province does Alaska border? British Columbia
81%
What is the most populous inland city of Alaska? Fairbanks
74%
What 1,200 mile long island chain belongs mostly to Alaska? Aleutian Islands
73%
What is the most common nickname of Alaska - although it isn't official? The Last {Frontier}
72%
What major gulf is located south of Alaska? Gulf of {Alaska}
59%
What Alaskan town is the northernmost settlement in the United States? Barrow
55%
in what city does that race end? Nome
50%
What is the only state whose percentage of territory owned by the federal government is higher than of Alaska's? Nevada
49%
What famous annual sled dog race is run in early March and starts from that city? Iditarod
48%
What is the largest island of Alaska? {Kodiak} Island
42%
What federal agency owns and manages 23.8% of the land in Alaska? BLM
23%
What is the name of the northernmost national park in the United States? Gates of the Arctic
22%
On what ocean inlet is the above ocated? {Cook} Inlet
17%
No matching quizzes found
Score Distribution
Percent of People with Each Score
Percentile by Number Answered
Your Score History
You have not taken this quiz